| 000 | 00396cam a22001571 4500 | ||
|---|---|---|---|
| 001 | 8418983 | ||
| 005 | 20250626084736.0 | ||
| 008 | 720607s1958 xx 000 0 eng | ||
| 050 | 0 | 0 |
_aBS2651 _b.B35 1958 |
| 082 | _a227.06 | ||
| 100 | 1 |
_aBarclay, William, _d1907-1978. |
|
| 245 | 1 | 4 | _aThe mind of St Paul. |
| 260 |
_aNew York, _bHarper _c[c1958] |
||
| 300 |
_a256 p. _c22 cm. |
||
| 942 |
_2lcc _cBK _n0 |
||
| 999 |
_c6700 _d6700 |
||